00905nam a2200277Ia 450000500170000000800410001702000180005810000380007624500950011425000110020930000270022065000310024765000340027865000290031265000240034165000270036570000410039294200120043326400330044533600270047833700330050533800280053804000350056608400110060199900150061220220317000137.0141031s9999 xx 000 0 und d a978849838422210aNémirovsky, Irèned 1903-194210aJezabel cIrène Némirovsky ; traducción del francés de José Antono Soriano Marco a1a ed. a190 páginas c17 cm.14a Asesinatos 2LEMBxNovela14a Autores rusos 2LEMBxNovela14a Misterio 2LEMBxNovela14a Novela rusa 2LEMB14aLiteratura rusa 2LEMB10aSoriano Marco, José Antonio916198 2loccBK aBarcelona bSalamandrac2012 atextobtxt2rdacontent asin mediaciónbn2rdamedia avolumenbnc2rdacarrier aCO-BoRNBPbspaerdacCO-BoRNBP aN NEM1 c3216d3216